000
00340 a2200157 4500
001
183000
020
_a
85-305-0200-0
040
_c
Magnum
100
_a
Rocha, Ruth
240
1
0
_a
Bom dia, todas as cores !
_l
por
245
1
0
_a
Bom dia, todas as cores !
300
_a
35
362
0
_a
1998
697
_a
LITERATURA INFANTO
942
_c
BK
999
_c
183000
_d
183000